000 00820nam a22002057a 4500
999 _c8664
_d8664
003 AR-CdUCM
008 190325b ||||| |||| 00| 0 spa d
040 _aMUNICIPALIDAD PROVINCIAL DEL CUSCO
_cBIBLIOTECA MUNICIPAL DEL CUSCO
082 _a510 /
_bL86
100 _aMedrano Lopez, Santiago
_924200
245 _aModelos Matematicos /
260 _aMéxico :
_bAsociacion Nacional de Universidades e Institutos de Enseñanza Superior ,
_c1972.
300 _a45 páginas ;
_c21.5 cm
505 _aContenido : Una dificultad basica : La Abstraccion -- El problema del viejo y el rio -- Otros Modelos: Problemas y temas de investigacion -- Conclusion -- Bibliografia...
650 _aGraficas
_924201
650 _aModelos Matematicos
_96449
650 _aTeoria Matematica
_924202
942 _2ddc
_cLIBROS
945 _artm